[Event "Nordic-ch U16"]
[Site "Torshavn"]
[Date "2021.09.12"]
[Round "5"]
[White "Polkki, Eino1111"]
[Black "Dale, Gunnar Brandshaug"]
[Result "0-1"]
[WhiteElo "1679"]
[BlackElo "1929"]
[PlyCount "94"]
[EventDate "2021.09.10"]
[EventType "swiss"]
[EventRounds "6"]
[EventCountry "FAI"]
[SourceTitle "EXT 2023"]
[Source "ChessBase"]
[SourceDate "2022.10.05"]
[SourceVersion "1"]
[SourceVersionDate "2022.10.05"]
[SourceQuality "1"]

1. d4 Nf6 2. c4 e6 3. Nc3 Bb4 4. e3 b6 5. Nf3 Bb7 6. Bd3 0-0 7. 0-0 d5 8. cxd5 exd5 9. a3 Bd6 10. b4 a6 11. Qb3 Nbd7 12. Bd2 Qe7 13. Rac1 Rfe8 14. Rfe1 b5 15. Ne2 Ne4 16. Ng3 g6 17. Bc3 h5 18. Bxe4 dxe4 19. Nd2 Nb6 20. f3 exf3 21. gxf3 Qh4 22. Kg2 Bc8 23. Nde4 Qh3+ 24. Kg1 Rxe4 25. fxe4 Bxg3 26. hxg3 Qxg3+ 27. Kf1 Qf3+ 28. Kg1 Bh3 29. Qc2 Qg3+ 30. Kh1 Bg4 31. Rf1 Bf3+ 32. Rxf3 Qxf3+ 33. Kh2 Qxe3 34. Re1 Qf4+ 35. Kg2 Nc4 36. Qd3 Qg4+ 37. Kf2 Re8 38. e5 c6 39. Rg1 Qf4+ 40. Ke2 Kg7 41. Kd1 Ne3+ 42. Ke2 Nd5 43. Bd2 Qh2+ 44. Kf1 Ne7 45. Be3 Qh3+ 46. Ke2 Qf5 47. Qc3 Qe4 0-1

[Event "Nordic-ch U20"]
[Site "Borgarnes"]
[Date "2019.02.17"]
[Round "5"]
[White "Dale, Gunnar Brandshaug"]
[Black "Falkevall, Axel"]
[Result "1-0"]
[WhiteElo "1889"]
[BlackElo "2070"]
[PlyCount "37"]
[EventDate "2019.02.14"]
[EventType "swiss"]
[EventRounds "6"]
[EventCountry "ISL"]
[SourceTitle "CBM 189 Extra"]
[Source "ChessBase"]
[SourceDate "2019.06.03"]
[SourceVersion "1"]
[SourceVersionDate "2019.06.03"]
[SourceQuality "1"]

1. Nf3 Nf6 2. c4 e6 3. Nc3 d5 4. d4 c6 5. e3 Nbd7 6. Qc2 Bd6 7. g4 h6 8. Rg1 e5 9. dxe5 Nxe5 10. Nxe5 Bxe5 11. cxd5 cxd5 12. g5 hxg5 13. Rxg5 Bxc3+ 14. Qxc3 0-0 15. b3 Re8 16. Bb2 Re6 17. Bd3 Qd6 18. Bf5 Re8 19. Bxc8 1-0

[Event "Oslo op"]
[Site "Oslo"]
[Date "2018.10.04"]
[Round "6"]
[White "Dale, Gunnar Brandshaug"]
[Black "Lobersli, Henrik Oie"]
[Result "1-0"]
[WhiteElo "1722"]
[BlackElo "2120"]
[PlyCount "73"]
[EventDate "2018.09.30"]
[EventType "swiss"]
[EventRounds "10"]
[EventCountry "NOR"]
[SourceTitle "EXT 2020"]
[Source "ChessBase"]
[SourceDate "2019.10.17"]
[SourceVersion "1"]
[SourceVersionDate "2019.10.17"]
[SourceQuality "1"]

1. d4 Nf6 2. c4 c5 3. d5 b5 4. cxb5 a6 5. bxa6 g6 6. Nc3 Bg7 7. Nf3 0-0 8. e4 Qa5 9. Bd2 Bxa6 10. Be2 Bxe2 11. Qxe2 Qa6 12. e5 Ne8 13. Bf4 Nc7 14. Rd1 Qxe2+ 15. Kxe2 Nba6 16. Rd2 Rfb8 17. a3 Nb5 18. Ne4 h6 19. h4 Rc8 20. Rc1 f5 21. exf6 exf6 22. Rdc2 g5 23. hxg5 hxg5 24. Be3 Re8 25. Kd3 g4 26. Nfd2 Re5 27. Nxc5 Nbc7 28. Nxa6 Nxa6 29. Rc8+ Rxc8 30. Rxc8+ Kf7 31. Kc4 g3 32. Bd4 Re1 33. fxg3 Bh6 34. Nb3 Be3 35. Kb5 Bxd4 36. Nxd4 Rd1 37. Nf3 1-0

[Event "Oslo op"]
[Site "Oslo"]
[Date "2018.10.02"]
[Round "4"]
[White "Dale, Gunnar Brandshaug"]
[Black "Gonzalez, Francisco Silva"]
[Result "1-0"]
[WhiteElo "1722"]
[BlackElo "2123"]
[PlyCount "61"]
[EventDate "2018.09.30"]
[EventType "swiss"]
[EventRounds "10"]
[EventCountry "NOR"]
[SourceTitle "EXT 2020"]
[Source "ChessBase"]
[SourceDate "2019.10.17"]
[SourceVersion "1"]
[SourceVersionDate "2019.10.17"]
[SourceQuality "1"]

1. e4 e5 2. Nc3 Bc5 3. Bc4 d6 4. d3 Nf6 5. f4 Ng4 6. f5 Qh4+ 7. g3 Bf2+ 8. Kf1 Bxg3 9. hxg3 Qxh1 10. Qxg4 g6 11. Nd5 b5 12. Bxb5+ c6 13. Nc7+ Kd7 14. Nxa8 cxb5 15. Be3 Kc6 16. a4 b4 17. Bxa7 Nd7 18. Qe2 Kb7 19. Bf2 Kxa8 20. Qd2 d5 21. Qxb4 d4 22. Ra3 Ba6 23. Qa5 Nb8 24. Qxe5 Rd8 25. Qa5 Rd6 26. Rb3 Rd7 27. Qb6 Rb7 28. Qxd4 gxf5 29. Rxb7 Kxb7 30. Qd5+ Kc8 31. Bb6 1-0